000 00347 a2200133 4500
999 _c321498
_d321498
001 86425
003 NUST
005 20180122134739.0
008 180122b xxu||||| |||| 00| 0 eng d
020 _a9781409144878
082 _a958.10474092 HAS
100 _aHastings, Michael
_99483
245 _aThe Operators
_cHastings Michael
_hEnglish
260 _aLondon
_bOrion Publication Group
_c2012
300 _a418p.
942 _aAHQ
_cBK
_k958.10474092 HAS
_2ddc